[Event "BL2 West 1415 (Women)"]
[Site "Germany"]
[Date "2014.11.30"]
[Round "4.5"]
[White "Domrath, Marion"]
[Black "Schlueter, Sabrina"]
[Result "1/2-1/2"]
[WhiteElo "1637"]
[BlackElo "1808"]
[PlyCount "47"]
[EventDate "2014.09.27"]
[EventType "team-tourn"]
[EventRounds "7"]
[EventCountry "GER"]
[SourceTitle "CBM 166 Extra"]
[Source "ChessBase"]
[SourceDate "2015.06.18"]
[SourceVersion "1"]
[SourceVersionDate "2015.06.18"]
[SourceQuality "1"]
[WhiteTeam "Wattenscheid (W)"]
[BlackTeam "Kiel Doppelbauer (W)"]
[WhiteTeamCountry "GER"]
[BlackTeamCountry "GER"]

1. c4 e5 2. Nc3 Bc5 3. e3 Nc6 4. Nf3 d6 5. a3 a5 6. Be2 Nge7 7. 0-0 0-0 8. d4 exd4 9. Nxd4 Re8 10. Nf3 Bg4 11. b3 Nf5 12. Nd4 Bxe2 13. Ncxe2 Bxd4 14. Nxd4 Ncxd4 15. exd4 Qh4 16. Be3 Re4 17. Qf3 Rae8 18. Rad1 b6 19. d5 Nd4 20. Bxd4 Rxd4 21. Rfe1 Rde4 22. Rxe4 Rxe4 23. g3 Qe7 24. Rd3 1/2-1/2

[Event "BL2 West 1213 (Women)"]
[Site "Germany"]
[Date "2013.03.10"]
[Round "7.5"]
[White "Schlueter, Sabrina"]
[Black "Stoffers, Elsbeth"]
[Result "1-0"]
[WhiteElo "1807"]
[BlackElo "1344"]
[PlyCount "67"]
[EventDate "2012.10.06"]
[EventType "team-tourn"]
[EventRounds "7"]
[EventCountry "GER"]
[SourceTitle "EXT 2018"]
[Source "ChessBase"]
[SourceDate "2017.10.13"]
[SourceVersion "1"]
[SourceVersionDate "2017.10.13"]
[SourceQuality "1"]
[WhiteTeam "Kiel Doppelbauer (W)"]
[BlackTeam "Steinfurt (W)"]
[WhiteTeamCountry "GER"]
[BlackTeamCountry "GER"]

1. e4 c6 2. Nf3 d5 3. exd5 cxd5 4. Ne5 Nf6 5. d4 Nbd7 6. Bb5 a6 7. Ba4 e6 8. c3 b5 9. Bc2 Bb7 10. 0-0 Bd6 11. Qe2 h6 12. Nd2 Qc7 13. f4 0-0 14. a3 Rac8 15. Rf3 b4 16. axb4 Bxb4 17. Rg3 Bd6 18. Ndf3 Bxe5 19. fxe5 Ne4 20. Rg4 f5 21. exf6 Ndxf6 22. Rg6 Qf7 23. Ne5 Qe7 24. Bxh6 Kh7 25. Rxg7+ Qxg7 26. Bxg7 Kxg7 27. Rf1 Rh8 28. Ng4 Rcf8 29. Nxf6 Rxf6 30. Rxf6 Kxf6 31. Qf3+ Ke7 32. Qf4 Ba8 33. Qc7+ Kf6 34. Qe5+ 1-0

[Event "BL2 West 1213 (Women)"]
[Site "Germany"]
[Date "2013.03.09"]
[Round "6.5"]
[White "Mense, Petra"]
[Black "Schlueter, Sabrina"]
[Result "1/2-1/2"]
[WhiteElo "1450"]
[BlackElo "1807"]
[PlyCount "50"]
[EventDate "2012.10.06"]
[EventType "team-tourn"]
[EventRounds "7"]
[EventCountry "GER"]
[SourceTitle "EXT 2018"]
[Source "ChessBase"]
[SourceDate "2017.10.13"]
[SourceVersion "1"]
[SourceVersionDate "2017.10.13"]
[SourceQuality "1"]
[WhiteTeam "Heiden (W)"]
[BlackTeam "Kiel Doppelbauer (W)"]
[WhiteTeamCountry "GER"]
[BlackTeamCountry "GER"]

1. e4 c6 2. d4 g6 3. Nf3 Bg7 4. Be2 d5 5. e5 f6 6. Bf4 Nh6 7. Qd2 Nf7 8. Nc3 0-0 9. h4 Bg4 10. exf6 exf6 11. 0-0-0 b5 12. Nh2 Bxe2 13. Nxe2 a5 14. Ng4 Nd7 15. Nh6+ Nxh6 16. Bxh6 Nb6 17. Bxg7 Kxg7 18. Nf4 Qd7 19. Rde1 Nc4 20. Ne6+ Qxe6 21. Rxe6 Nxd2 22. Kxd2 Rac8 23. Rhe1 g5 24. hxg5 fxg5 25. f3 Rf6 1/2-1/2

[Event "GER-chT Federal Cup (Women)"]
[Site "Braunfels"]
[Date "2012.06.07"]
[Round "1.2"]
[White "Schlueter, Sabrina"]
[Black "Schulze, Dorothee"]
[Result "1-0"]
[WhiteElo "1821"]
[BlackElo "2008"]
[PlyCount "63"]
[EventDate "2012.06.07"]
[EventType "team-swiss"]
[EventRounds "5"]
[EventCountry "GER"]
[SourceTitle "CBM 149 Extra"]
[Source "ChessBase"]
[SourceDate "2012.08.24"]
[SourceVersion "1"]
[SourceVersionDate "2012.08.24"]
[SourceQuality "1"]
[WhiteTeam "Schleswig Holstein (W)"]
[BlackTeam "Niedersachsen (W)"]
[WhiteTeamCountry "GER"]
[BlackTeamCountry "GER"]

1. e4 c5 2. Nf3 Nc6 3. Bb5 g6 4. 0-0 Bg7 5. c3 Qb6 6. Bxc6 bxc6 7. Re1 d5 8. d4 dxe4 9. dxc5 Qxc5 10. Rxe4 Bf5 11. Be3 Qd5 12. Qxd5 cxd5 13. Rb4 Bc8 14. Nbd2 Nf6 15. Re1 Nd7 16. Bd4 Bxd4 17. Nxd4 e6 18. Nc6 0-0 19. Nf3 Nc5 20. Re3 f6 21. c4 Bd7 22. cxd5 Bxc6 23. dxc6 e5 24. Rc4 Ne6 25. Rd3 e4 26. Re3 exf3 27. Rxe6 fxg2 28. Kxg2 Rac8 29. b4 a6 30. a4 Rf7 31. b5 f5 32. b6 1-0

[Event "Schleswig Holstein-ch Kandidaten"]
[Site "Schleswig Holstein"]
[Date "2012.06.??"]
[Round "3"]
[White "Neaga, Horia Dumitru Iusti"]
[Black "Schlueter, Sabrina"]
[Result "1-0"]
[WhiteElo "1792"]
[BlackElo "1821"]
[PlyCount "119"]
[EventDate "2012.06.05"]
[EventType "swiss"]
[EventRounds "9"]
[EventCountry "GER"]
[SourceTitle "EXT 2022"]
[Source "ChessBase"]
[SourceDate "2021.10.06"]
[SourceVersion "1"]
[SourceVersionDate "2021.10.06"]
[SourceQuality "1"]

1. e4 c6 2. d4 g6 3. c4 Bg7 4. Nc3 d6 5. f4 e5 6. Nf3 Bg4 7. d5 c5 8. h3 Bxf3 9. Qxf3 a6 10. Bd3 Nh6 11. 0-0 Nd7 12. f5 f6 13. h4 Qe7 14. a3 0-0 15. Nd1 Rab8 16. g4 Nf7 17. Qg2 g5 18. hxg5 Nxg5 19. Bxg5 fxg5 20. Nc3 Nf6 21. Be2 Kf7 22. Kf2 Rh8 23. Rh1 h6 24. Qf3 Qc7 25. b4 b6 26. b5 a5 27. Qg3 Rh7 28. Rh3 Rbh8 29. Rah1 Qd8 30. Ke3 Qc7 31. a4 Qd8 32. Nb1 Qe7 33. Nd2 Ke8 34. Qg2 Kd8 35. R1h2 Kc7 36. Kd3 Kb7 37. Bd1 Kc7 38. Nf3 Ng8 39. Qh1 Qf6 40. Rh5 Qe7 41. Nxg5 Nf6 42. Ne6+ Kc8 43. R5h4 Bf8 44. g5 hxg5 45. Nxg5 Rxh4 46. Rxh4 Rxh4 47. Qxh4 Qg7 48. Ne6 Qh6 49. Qxh6 Bxh6 50. Bf3 Kd7 51. Ke2 Nh7 52. Bg4 Ng5 53. f6 Ke8 54. Nc7+ Kf7 55. Kd3 Kxf6 56. Na8 Bf8 57. Nxb6 Be7 58. Nd7+ Kg7 59. b6 Bd8 60. b7 1-0